000 00290nam a22001337a 4500
008 170502b xxu||||| |||| 00| 0 eng d
020 _a9780199251285
041 _aeng
080 _23RD
_a343
100 _a14
101 _aSHJ
245 _aTHE DEATH PENALTY
_cHOOD, R
942 _2udc
_cBK
999 _c12386
_d12386